00374nam a2200145Ia 4500003000400000005001700004008004100021040000900062082001900071100001500090245004800105260005100153300000900204650001500213OSt20210123111750.0190216s9999||||xx |||||||||||||| ||und|| coclc a650.076bPUB/M aPublishers 0aMBA Entrance Exam At A Glance /cPublishers bCompetition Review Pvt Ltd,c2008.aNew Delhi: a462p aReferences